logo

Bir Sreshtho Munshi Abdur Rouf Library
Jhenaidah Cadet College

William Wordsworth / (Record no. 8184)

MARC details
000 -LEADER
fixed length control field 01283pam a2200349 4500
001 - CONTROL NUMBER
JCCL Control Number 8184
003 - CONTROL NUMBER IDENTIFIER
JCCL marc code BD - JhCC
005 - DATE AND TIME OF LATEST TRANSACTION
control field 20191214131234.0
008 - FIXED-LENGTH DATA ELEMENTS--GENERAL INFORMATION
fixed length control field 840522s1985 enk 000 0 eng
020 ## - INTERNATIONAL STANDARD BOOK NUMBER
International Standard Book Number 0521265266 (v. 1)
020 ## - INTERNATIONAL STANDARD BOOK NUMBER
International Standard Book Number 0521319374 (pbk. : v. 1)
020 ## - INTERNATIONAL STANDARD BOOK NUMBER
International Standard Book Number 0521265258 (v. 2)
020 ## - INTERNATIONAL STANDARD BOOK NUMBER
International Standard Book Number 0521319366 (pbk. : v. 2)
035 ## - SYSTEM CONTROL NUMBER
system control number MITb10221915
035 ## - SYSTEM CONTROL NUMBER
system control number (BD - JhCC)8184
035 ## - SYSTEM CONTROL NUMBER
system control number GLIS00221915
040 ## - CATALOGING SOURCE
Original cataloging agency DLC
Transcribing agency DLC
Modifying agency MYG
-- BD - JhCC
041 ## - LANGUAGE CODE
Language code of Book eng
050 0# - LIBRARY OF CONGRESS CALL NUMBER
Classification number PR5852
Item number .W67 1985
082 ## - DEWEY DECIMAL CLASSIFICATION NUMBER
Author mark and Year WOR 1985
Classification number 812
099 ## - LOCAL FREE-TEXT CALL NUMBER
Classification number PR5852.W67 1985
100 1# - MAIN ENTRY--PERSONAL NAME
Personal name Wordsworth, William,
Dates associated with a name 1770-1850.
245 10 - TITLE STATEMENT
Title William Wordsworth /
Statement of responsibility, etc edited with a critical introduction and notes by Jonathan Wordsworth.
260 ## - PUBLICATION, DISTRIBUTION, ETC. (IMPRINT)
Place of publication, distribution, etc Cambridge [Cambridgeshire] ;
-- New York :
Name of publisher, distributor, etc Cambridge University Press,
Date of publication, distribution, etc c1985.
300 ## - PHYSICAL DESCRIPTION
Pagination 2 v. ;
Dimensions 23 cm.
505 0# - FORMATTED CONTENTS NOTE
Formatted contents note v. 1. The pedlar. Tintern Abbey. The two-part prelude -- v. 2. The ruined cottage. The brothers. Michael.
700 1# - ADDED ENTRY--PERSONAL NAME
Personal name Wordsworth, Jonathan.
700 1# - ADDED ENTRY--PERSONAL NAME
Personal name Wordsworth, William,
Dates associated with a name 1770-1850.
Title of a work Pedler ; Tintern Abbey ; The two-part prelude.
700 1# - ADDED ENTRY--PERSONAL NAME
Personal name Wordsworth, William,
Dates associated with a name 1770-1850.
Title of a work Ruined cottage ; The brothers ; Jonathan.
942 ## - ADDED ENTRY ELEMENTS (KOHA)
Source of classification or shelving scheme Dewey Decimal Classification
Koha item type Books
Holdings
Source of classification or shelving scheme Damaged status Not for loan Home library Current library Shelving location Total Checkouts Full call number Barcode Date last seen Copy number Koha item type
Dewey Decimal Classification     JCC Rouf Library JCC Rouf Library General Stacks   812 WOR 1985 8586 02/19/2018 C - 1 Books

JCC Library | Contacts | JCC Home

Last Update on 23 September 2017
Copyright @ 2017-2020 JCC Rouf Library
Rouf Library, Jhenidah Cadet College (JCC), Bangladesh